[Event "Wch FIDE Online U12 Girls Asia qual"]
[Site "Tornelo INT"]
[Date "2020.12.12"]
[Round "4"]
[White "Feng, Angela"]
[Black "Enkhrii, Enkh Amgalan"]
[Result "0-1"]
[WhiteElo "1497"]
[BlackElo "1421"]
[PlyCount "88"]
[EventDate "2020.12.11"]
[EventType "swiss (rapid)"]
[EventRounds "7"]
[EventCountry "ISS"]
[SourceTitle "EXT 2022"]
[Source "ChessBase"]
[SourceDate "2021.10.06"]
[SourceVersion "1"]
[SourceVersionDate "2021.10.06"]
[SourceQuality "1"]

1. e4 c5 2. Nf3 d6 3. d4 cxd4 4. Nxd4 Nf6 5. Nc3 g6 6. Be3 Bg7 7. f3 Nc6 8. Qd2 0-0 9. 0-0-0 Bd7 10. g4 a6 11. h4 Qa5 12. Kb1 Rfc8 13. Nb3 Qd8 14. h5 Ne5 15. Be2 b5 16. hxg6 fxg6 17. Bh6 Bh8 18. g5 Nh5 19. f4 Nc4 20. Bxc4+ bxc4 21. Nd4 Rab8 22. f5 Qb6 23. b3 Qxd4 24. Qxd4 Bxd4 25. Rxd4 cxb3 26. Rd3 bxc2+ 27. Kxc2 Ba4+ 28. Kd2 Rb2+ 29. Ke3 Bc2 30. Nd1 Rxa2 31. Rd2 Ra3+ 32. Ke2 Ng3+ 33. Kf2 Nxh1+ 34. Kg1 Ng3 35. Kg2 Nxe4 36. Re2 gxf5 37. Ne3 e6 38. Nxc2 Ra2 39. Nd4 Rxe2+ 40. Nxe2 Rc2 41. Kf3 Kf7 42. Nf4 e5 43. Nd5 Ke6 44. Ne3 Rf2# 0-1

[Event "Wch U10 Girls"]
[Site "Weifang"]
[Date "2019.08.30"]
[Round "9"]
[White "Feng, Angela"]
[Black "Mou, Iris Zhaoying"]
[Result "1-0"]
[WhiteElo "1426"]
[BlackElo "1669"]
[PlyCount "161"]
[EventDate "2019.08.21"]
[EventType "swiss"]
[EventRounds "11"]
[EventCountry "CHN"]
[SourceTitle "EXT 2020"]
[Source "ChessBase"]
[SourceDate "2019.10.17"]
[SourceVersion "1"]
[SourceVersionDate "2019.10.17"]
[SourceQuality "1"]

1. e4 e6 2. d4 d5 3. Nc3 Nf6 4. Bg5 Bb4 5. e5 h6 6. exf6 hxg5 7. fxg7 Rg8 8. Qd3 Rxg7 9. h3 Nc6 10. Nf3 Qf6 11. Qe3 Qe7 12. Bb5 Bd7 13. 0-0-0 0-0-0 14. a3 Bd6 15. Kb1 Kb8 16. Rhe1 a6 17. Bxc6 Bxc6 18. Ne5 Ka7 19. Na2 Be8 20. Nd3 Bb5 21. Nab4 Re8 22. Nc5 b6 23. Ncd3 a5 24. Na2 Kb7 25. Nc3 Ba6 26. Qf3 c6 27. Na4 Rh8 28. Rh1 Rh4 29. g4 Rgh7 30. Rde1 Qe8 31. Ne5 c5 32. dxc5 Bxe5 33. Rxe5 Qxa4 34. cxb6 Qf4 35. Qc3 Qc4 36. Qf3 Rxh3 37. Rxh3 Qf1+ 38. Ka2 Qxh3 39. Qf6 Bc4+ 40. b3 Bb5 41. Qe7+ Kxb6 42. Qd6+ Bc6 43. Qb8+ Kc5 44. b4+ Kc4 45. Qb6 Kc3 46. Re3+ Qxe3 47. Qxe3+ Kxc2 48. Qc5+ Kd3 49. Qxc6 axb4 50. Qb5+ Ke4 51. Qxb4+ Kf3 52. Qd4 Rh2 53. Qe3+ Kg2 54. Qg3+ Kh1 55. a4 Rg2 56. Qf3 Kg1 57. Qd1+ Kxf2 58. a5 Kg3+ 59. Ka3 Rh2 60. a6 Rh8 61. a7 Ra8 62. Qd4 f6 63. Qe3+ Kxg4 64. Qxe6+ f5 65. Qb6 f4 66. Qb7 Rxa7+ 67. Qxa7 Kg3 68. Qg1+ Kh3 69. Qxg5 f3 70. Qg1 d4 71. Kb3 d3 72. Kc3 d2 73. Kxd2 f2 74. Qxf2 Kg4 75. Qf6 Kg3 76. Qf5 Kg2 77. Qf4 Kh1 78. Qg4 Kh2 79. Ke2 Kh1 80. Kf2 Kh2 81. Qg2# 1-0